000 00744cam a22002533a 4500
001 17884
003 PGUSA
005 20140828083400.0
008 060301s2006||||xxu|||||s|||||000 p eng d
040 _aPGUSA
_beng
042 _adc
050 4 _aPS
100 1 _aJohnson, James Weldon,
_d1871-1938
245 1 0 _aFifty years and Other Poems
_h[electronic resource] /
_cJames Weldon Johnson
260 _bProject Gutenberg,
_c2006
506 _aPublic domain in the USA.
516 _aElectronic text
653 _aAfrican Americans -- Poetry
700 1 _aMatthews, Brander,
_d1852-1929
740 0 _aFifty years and Other Poems
830 0 _aProject Gutenberg
_v17884
856 4 0 _uhttp://www.gutenberg.org/ebooks/17884
942 _cEB
999 _c247139
_d247139